000
00320nam a2200133Ia 4500
005
20251222140051.0
008
251222s1900||||xx |||||||||||||| ||spa||
020
_a
88704620
082
_a
180/B27
100
_a
Mondin, Batista
245
0
_a
IL Sistema Filosófico di Tommaso d' Aquino
264
_b
Massimo
942
_c
LIB
999
_c
3587
_d
3587